[Event "24th Open"]
[Site "Bethune FRA"]
[Date "2003.12.27"]
[Round "2"]
[White "Steenbekkers,F"]
[Black "Degraeve,JM"]
[Result "0-1"]
[WhiteElo "2184"]
[BlackElo "2562"]

1.e4 c5 2.Nf3 Nc6 3.Bb5 e6 4.O-O Nge7 5.Re1 a6 6.Bxc6 Nxc6 7.d4 cxd4 8.Nxd4 Qc7
9.Nc3 Bd6 10.Nxc6 dxc6 11.f4 e5 12.f5 b5 13.Qh5 Bb7 14.Bg5 Be7 15.Rad1 Rd8
16.Bxe7 Qxe7 17.f6 gxf6 18.Qg4 Qc5+ 19.Kh1 Ke7 20.Rf1 Qe3 21.Rxd8 Rxd8 22.Nd1 Qg5
23.Qf3 Rd2 24.Ne3 Bc8 25.c4 Qf4  0-1

[Event "33rd Rilton Cup"]
[Site "Stockholm SWE"]
[Date "2003.12.27"]
[Round "1"]
[White "Haapasalo,JP"]
[Black "Milanovic,Da"]
[Result "0-1"]
[WhiteElo "2146"]
[BlackElo "2446"]

1.Nf3 c5 2.e4 Nc6 3.Bb5 e6 4.O-O Nge7 5.Re1 Nd4 6.Nxd4 cxd4 7.c3 Nc6 8.e5 Bc5
9.b4 Bb6 10.Na3 O-O 11.Nc4 f6 12.Bxc6 bxc6 13.Bb2 fxe5 14.Nxb6 Qxb6 15.cxd4 exd4
16.Re4 Qxb4 17.Bc3 Qe7 18.Rxd4 d6 19.Qe2 e5 20.f4 c5  0-1

[Event "7th White Tower Open"]
[Site "Thessaloniki GRE"]
[Date "2003.12.27"]
[Round "8"]
[White "Georgiev,Kr"]
[Black "Papadopoulos,I"]
[Result "1-0"]
[WhiteElo "2452"]
[BlackElo "2226"]

1.e4 c5 2.Nf3 Nc6 3.Bb5 g6 4.O-O Nf6 5.Re1 Bg7 6.c3 O-O 7.h3 Ne8 8.d4 cxd4
9.cxd4 Nc7 10.Ba4 d6 11.Nc3 Bd7 12.Bg5 a6 13.Rc1 Re8 14.a3 Rc8 15.Bb3 Na5
16.Ba2 Ne6 17.Bh4 Nc4 18.Nd5 Nxb2 19.Rxc8 Bxc8 20.Qb3 Nxd4 21.Nxd4 Bxd4 22.Rb1 b5
23.Rxb2 Bxb2 24.Qxb2 Bb7 25.Nxe7+ Rxe7 26.Qf6 d5 27.Qxe7  1-0

[Event "Harmonie"]
[Site "Groningen NED"]
[Date "2003.12.28"]
[Round "7"]
[White "L'Ami,E"]
[Black "Kurnosov,I"]
[Result "1/2-1/2"]
[WhiteElo "2470"]
[BlackElo "2527"]

1.e4 c5 2.Nf3 Nc6 3.Bb5 e6 4.Bxc6 bxc6 5.O-O Ne7 6.d3 Ng6 7.Ng5 e5 8.Qh5 Qe7
9.g3 h6 10.Nh3 d6 11.f4 exf4 12.gxf4 Qh4 13.Qxh4 Nxh4 14.f5 g6 15.Bf4 gxf5
16.e5 Rg8+ 17.Kh1 Bg7 18.exd6 c4 19.Re1+ Kd8 20.Nd2 cxd3 21.Bg3 Ng6 22.cxd3 Be6
23.Nc4 Bd5+ 24.Kg1 f4 25.Nxf4 Nxf4 26.Bxf4 Bxb2+ 27.Bg3 Bxa1 28.Rxa1 h5 29.Kf2 Rb8
30.Ne5 f6 31.Nc4 Kd7 32.Ke3 Rg4 33.Rf1 h4 34.Bf4 Re8+ 35.Kd4 Bxc4 36.Kxc4 Re5
37.h3 Re1 38.Rxe1 Rxf4+ 39.Kc5 Rf5+ 40.Kc4 Rf3 41.Re4 Rxh3 42.Kc5 Rxd3 43.Re7+ Kd8
44.Kxc6 Rc3+ 45.Kd5 Rd3+ 46.Kc6 Rc3+  1/2-1/2

[Event "19th Winter Open"]
[Site "Nice FRA"]
[Date "2003.12.28"]
[Round "5"]
[White "Mrdja,M"]
[Black "Lazarev,V"]
[Result "0-1"]
[WhiteElo "2387"]
[BlackElo "2526"]

1.e4 c5 2.Nf3 Nc6 3.Bb5 e6 4.Bxc6 bxc6 5.O-O Ne7 6.Re1 Ng6 7.c3 Be7 8.d4 O-O
9.Be3 cxd4 10.cxd4 d6 11.Nc3 Bd7 12.Rc1 Qb8 13.Rc2 f6 14.Nd2 f5 15.exf5 Rxf5
16.Nde4 h6 17.Qg4 Qe8 18.Ng3 Rf8 19.Qh5 Qf7 20.Nce4 Rfb8 21.Qa5 Qe8 22.Qh5 Rb5
23.Qe2 Qf7 24.Nc3 Rbb8 25.Qd2 e5 26.b3 Bf8 27.Nce4 exd4 28.Bxd4 Nf4 29.f3 Nd5
30.Nc3 Nb4 31.Rcc1 Qg6 32.Nce4 Be8 33.Red1 Nd5 34.Nc3 Nc7 35.Nce4 Ne6 36.Bf2 Rb5
37.Ne2 Rd5 38.Qe1 Rxd1 39.Qxd1 d5 40.Nc5 Ng5 41.Kf1 Bd6 42.b4 Nf7 43.Qd2 Qf6
44.Nd3 Bd7 45.h4 g5 46.hxg5 hxg5 47.Bg3 Re8 48.Kf2 Rxe2+  0-1

[Event "ch-AUS"]
[Site "Adelaide AUS"]
[Date "2003.12.29"]
[Round "1"]
[White "Solomon,SJ"]
[Black "Xie,G"]
[Result "1-0"]
[WhiteElo "2400"]
[BlackElo "2238"]

1.e4 c5 2.Nf3 Nc6 3.Bb5 e6 4.Bxc6 bxc6 5.d3 Ne7 6.Ng5 f6 7.Nh3 d5 8.O-O Ng6
9.f4 dxe4 10.dxe4 Qd4+ 11.Nf2 Ba6 12.Re1 Bd6 13.Qg4 Kf7 14.c3 Qa4 15.e5 f5
16.Qf3 Be7 17.b3 Qa5 18.Be3 Rad8 19.Nd2 Nh4 20.Qh5+ g6 21.Qh6 Qxc3 22.Rac1 Qa5
23.Rc2 Bd3 24.Nxd3 Rxd3 25.Kf2 g5 26.fxg5 Ng6 27.Nc4 Qd8 28.Kg1 f4 29.Bxf4 Rd1
30.Nd6+  1-0

[Event "24th Open"]
[Site "Bethune FRA"]
[Date "2003.12.29"]
[Round "6"]
[White "Wilson,A"]
[Black "Kieffer,C"]
[Result "0-1"]
[WhiteElo "2025"]
[BlackElo "2157"]

1.e4 c5 2.Nf3 Nc6 3.Bb5 g6 4.O-O Bg7 5.c3 Nf6 6.Re1 O-O 7.d4 d5 8.e5 Ne4
9.Nbd2 Bf5 10.Nxe4 dxe4 11.Bxc6 bxc6 12.Nh4 e6 13.Nxf5 exf5 14.Qa4 cxd4 15.cxd4 c5
16.Be3 cxd4 17.Bxd4 Qe7 18.Rac1 Bxe5 19.Bc5 Bd6 20.b4 Rfd8 21.f3 Qe5 22.Bxd6 Rxd6
23.Rc4 Qd5 24.Rc7 exf3 25.gxf3 Qxf3 26.Rxa7 Qg4+ 27.Kh1 Qf3+ 28.Kg1 Rxa7
29.Qxa7 Rd2 30.Qb8+ Kg7 31.Qe5+ Kh6  0-1

[Event "24th Open"]
[Site "Bethune FRA"]
[Date "2003.12.29"]
[Round "6"]
[White "Jagodzinski,A"]
[Black "Tupet,G"]
[Result "0-1"]
[WhiteElo "2177"]
[BlackElo "2048"]

1.e4 c5 2.Nf3 Nc6 3.Bb5 g6 4.Bxc6 dxc6 5.d3 Bg7 6.h3 e5 7.Nc3 Ne7 8.Be3 b6
9.Qd2 h6 10.O-O-O Be6 11.Qe2 Qc7 12.Kb1 O-O-O 13.g4 g5 14.Rdg1 Ng6 15.Bc1 Nf4
16.Qe3 c4 17.dxc4 Bxc4 18.b3 Ba6 19.Bb2 f6 20.Rd1 Rxd1+ 21.Rxd1 Rd8 22.Rh1 Bf8
23.Na4 Bb4 24.a3 Ng2 25.Qc1 Be7 26.h4 Be2 27.Nd2 Nxh4 28.Nc3 Bxg4 29.f3 Be6  0-1

[Event "1st Bautista Boschi Masters"]
[Site "Cipolleti ARG"]
[Date "2003.12.30"]
[Round "9"]
[White "Soto,Jor"]
[Black "Pizarro,P"]
[Result "1-0"]
[WhiteElo "2364"]
[BlackElo "2164"]

1.e4 c5 2.Nf3 Nc6 3.Bb5 g6 4.O-O Bg7 5.Re1 e5 6.Bxc6 dxc6 7.d3 Qe7 8.Nbd2 Nf6
9.Nc4 Nd7 10.a4 b6 11.b3 O-O 12.Qd2 Re8 13.Bb2 f6 14.c3 Nf8 15.a5 b5 16.Ne3 Be6
17.Qc2 Qf7 18.b4 Bb3 19.Qb1 Ne6 20.Bc1 Ba4 21.Ra3 cxb4 22.cxb4 Qd7 23.Bb2 Rad8
24.g3 h5 25.Nh4 Kh7 26.Kh1 Bf8 27.Ba1 Qd6 28.Rc3 Nd4 29.g4 hxg4 30.Nxg4 f5
31.Ne3 Qf6 32.exf5 Qxh4 33.fxg6+ Kxg6 34.Rg1+ Kh7 35.Ng4 Bg7 36.Rg3 Rf8 37.Qe1 Qh5
38.Rc5 Rd5 39.Qe3 Nf3 40.Qe4+ Qf5 41.Qxf5+ Rxf5 42.Rxc6 Ng5 43.Ne3 Rxf2 44.Nxd5 Bb3
45.Ne7 Bf6 46.Kg1 Ra2 47.Rxf6 Rxa1+ 48.Rf1 Rxf1+ 49.Kxf1 Ne6 50.Nc6  1-0

[Event "Premier"]
[Site "Hastings ENG"]
[Date "2003.12.30"]
[Round "3"]
[White "Cherniaev,A1"]
[Black "Kotronias,V"]
[Result "0-1"]
[WhiteElo "2476"]
[BlackElo "2626"]

1.e4 c5 2.Nf3 Nc6 3.Bb5 g6 4.Bxc6 dxc6 5.d3 Bg7 6.h3 b6 7.Nc3 e5 8.O-O f6
9.a3 Nh6 10.b4 cxb4 11.axb4 Nf7 12.Be3 f5 13.Qb1 f4 14.Bd2 O-O 15.Qb3 Qe7
16.Nb1 Be6 17.Qb2 Ng5 18.Nxg5 Qxg5 19.Kh2 Rf6 20.Rh1 Qh5 21.f3 g5 22.Kg1 Rh6
23.Be1 g4 24.fxg4 Bxg4 25.Nd2 Bf6 26.Bf2 Kh8 27.Rh2 Rg8 28.Kf1 Be6 29.Ke1 Rhg6
30.Rxa7 Rxg2 31.Rxg2 Rxg2 32.Ra8+ Kg7 33.Qa1 Bh4 34.Qa7+ Bf7 35.Qb8 Bxf2+
36.Kf1 Qd1+ 37.Kxg2 Qg1+ 38.Kf3 Bh5+  0-1

[Event "Open"]
[Site "Lilie Litomysl CZE"]
[Date "2003.12.30"]
[Round "7"]
[White "Plachetka,J"]
[Black "Kulhanek,T"]
[Result "1/2-1/2"]
[WhiteElo "2455"]
[BlackElo "2362"]

1.e4 c5 2.Nf3 Nc6 3.Bb5 d6 4.O-O Bd7 5.c3 Nf6 6.Re1 a6 7.Ba4 c4 8.Bc2 Bg4
9.h3 Bh5 10.d4 cxd3 11.Qxd3 Bxf3 12.Qxf3 g6 13.Nd2 Bg7 14.Nc4 Nd7 15.Bg5 Nde5
16.Nxe5 Nxe5 17.Qe2 h6 18.Be3 O-O 19.f4 Nd7 20.Rad1 Qc7 21.Bf2 b5 22.Bb3 Rab8
23.a3 Nb6 24.e5 dxe5 25.fxe5 Rbd8 26.e6 f5 27.Rxd8 Rxd8 28.Rd1 Nc4 29.Rxd8+ Qxd8
30.Bxc4 bxc4 31.Qxc4 Qd1+ 32.Kh2 Be5+ 33.Bg3 Bxg3+ 34.Kxg3 Qe1+ 35.Kf3 Qd1+
36.Qe2 Qd5+ 37.Kf2 a5 38.b4 Qb3 39.Qd2 Qxe6 40.Qxh6 Kf7 41.Qd2 a4 42.Qc2 Qb3
43.Qc1 Qc4 44.Kg1 e5 45.Qe3 Qb3 46.Qxe5 Qxa3 47.Qc7+ Kf6 48.Kh2 Qc1 49.b5 a3
50.Qd8+ Kg7 51.Qd4+ Kh7 52.b6 a2 53.b7 a1=Q 54.b8=Q Qh1+ 55.Kg3 Qhe1+ 56.Kh2 Qh1+  1/2-1/2

[Event "2nd Open"]
[Site "Nantes FRA"]
[Date "2003.12.30"]
[Round "9"]
[White "Mullon,J"]
[Black "Delorme,Al"]
[Result "1-0"]
[WhiteElo "2325"]
[BlackElo "2153"]

1.e4 c5 2.Nf3 Nc6 3.Bb5 e6 4.Bxc6 bxc6 5.b3 f6 6.d4 cxd4 7.Qxd4 Qb6 8.Qd3 Bc5
9.O-O Ne7 10.Ba3 Bxa3 11.Nxa3 d5 12.c4 Kf8 13.e5 Bb7 14.Qc3 Ng6 15.c5 Qc7
16.Rfe1 h5 17.h4 Ne7 18.Nc2 Nf5 19.Ncd4 Nxd4 20.Qxd4 Rh6 21.exf6 Rxf6 22.Ng5 Ke7
23.Rxe6+  1-0

[Event "19th Winter Open"]
[Site "Nice FRA"]
[Date "2003.12.30"]
[Round "7"]
[White "Acher,M"]
[Black "Drenchev,P"]
[Result "0-1"]
[WhiteElo "2320"]
[BlackElo "2431"]

1.e4 c5 2.Nf3 Nc6 3.Bb5 g6 4.Bxc6 dxc6 5.d3 Nf6 6.Nc3 Bg7 7.h3 Nd7 8.Be3 e5
9.Qd2 Qe7 10.O-O-O Nf8 11.Ne2 h6 12.h4 f5 13.exf5 gxf5 14.g3 Be6 15.h5 O-O-O
16.Nh4 b6 17.Qe1 Qf6 18.Bd2 Bf7 19.g4 fxg4 20.Ng3 Bd5 21.Ne4 Qf7 22.Rg1 Qxh5
23.f3 Be6 24.Qg3 Ng6 25.Nxg6 Qxg6 26.fxg4 Bd5 27.Rde1 c4 28.g5 h5 29.Nf6 cxd3
30.Qxe5 Rd7 31.Qf4 Rf8 32.Bc3 dxc2 33.Qd2 Bxf6 34.gxf6 Qf5 35.Qxc2 Qf4+ 36.Kb1 h4
37.Qe2 Kb7 38.Ref1 Qh6 39.Qg4 Qh7+ 40.Kc1 h3 41.Rg3 Bxa2 42.Qg6 Bd5 43.Rd1 h2
44.Qxh7 Rxh7 45.Rg7+ Rxg7 46.fxg7 Rg8  0-1

[Event "19th Winter Open"]
[Site "Nice FRA"]
[Date "2003.12.30"]
[Round "7"]
[White "Libiszewski,F"]
[Black "Issermann,R"]
[Result "1-0"]
[WhiteElo "2446"]
[BlackElo "2273"]

1.e4 c5 2.Nf3 Nc6 3.Bb5 g6 4.Bxc6 bxc6 5.O-O Bg7 6.Re1 d6 7.c3 Nh6 8.d4 cxd4
9.cxd4 O-O 10.Nc3 f6 11.h3 Nf7 12.Be3 e5 13.Rc1 Qe7 14.dxe5 fxe5 15.b4 a6
16.Na4 Bb7 17.Nd2 Bh6 18.Bxh6 Nxh6 19.Nc4 Nf7 20.Na5 Qc7 21.Qd3 Nd8 22.Red1 Rf6
23.Nc4 Nf7 24.Ncb6 Rf8 25.Nd5 Qd8 26.Nxf6+ Qxf6 27.Nb6 Ng5 28.Rc2 Rd8 29.Nc4 c5
30.Nxd6 cxb4 31.Rc7 Ba8 32.h4 Ne6 33.Qc4 Rf8 34.Rd2 Kh8 35.Ra7 a5 36.Qb5 Qf4
37.Qd7  1-0

[Event "ch-AUS"]
[Site "Adelaide AUS"]
[Date "2003.12.31"]
[Round "3"]
[White "Levi,E"]
[Black "Barber,H"]
[Result "1-0"]
[WhiteElo "2269"]
[BlackElo "2287"]

1.e4 c5 2.Nf3 Nc6 3.Bb5 g6 4.O-O Nf6 5.Re1 Bg7 6.e5 Nd5 7.Nc3 Nc7 8.d3 O-O
9.Bg5 Ne6 10.Bh4 Ned4 11.Nxd4 Nxd4 12.Bc4 Nf5 13.Bg5 h6 14.Bf4 d6 15.exd6 Nxd6
16.Bb3 a6 17.Qf3 Nf5 18.Be5 Nd4 19.Qe3 Be6 20.Bxg7 Kxg7 21.Bxe6 Nxe6 22.Qe5+ Kh7
23.Nd5 Qd6 24.Rad1 Rad8 25.Qxd6 exd6 26.c3 Kg7 27.Re4 b5 28.f4 h5 29.Rf1 Rfe8
30.f5 Ng5 31.f6+ Kh6 32.Re7 Rf8 33.Nc7 Nh7 34.Nxa6 d5 35.Nxc5 Rd6 36.Nd7 Ra8
37.Rxf7 d4 38.Re7 dxc3 39.bxc3 h4 40.Ne5 Rxf6 41.Ng4+  1-0

[Event "33rd Rilton Cup"]
[Site "Stockholm SWE"]
[Date "2003.12.31"]
[Round "5"]
[White "Carlsson,N"]
[Black "Gagarin,V"]
[Result "0-1"]
[WhiteElo "2233"]
[BlackElo "2439"]

1.e4 c5 2.Nf3 Nc6 3.Bb5 g6 4.O-O Bg7 5.c3 Nf6 6.Re1 O-O 7.d3 d6 8.Nbd2 e5
9.Nf1 h6 10.Ng3 Be6 11.Ba4 Rb8 12.Bb3 d5 13.h3 Qc7 14.Nh2 Rbd8 15.Qf3 c4
16.dxc4 dxe4 17.Nxe4 Nxe4 18.Qxe4 f5 19.Qc2 Na5 20.Bd2 Nxc4 21.Rad1 Bf7 22.Bxc4 Qxc4
23.b3 Qc7 24.c4 Rc8 25.Qb2 b5 26.cxb5 e4 27.Qa3 Qe5 28.Be3 Qxb5 29.Nf1 a5
30.Bd4 Qb4 31.Qb2 Bxd4 32.Qxd4 Rc2 33.Qxb4 axb4 34.Rd2 Rxd2 35.Nxd2 Rc8 36.Nc4 Bxc4
37.bxc4 Rxc4 38.h4 Kf7 39.g3 Ke6 40.Rb1 Kd5 41.Rb3 Rc1+ 42.Kg2 Kc4 43.Rb2 Ra1
44.Kh3 Kb5 45.Kg2 Ka4 46.Kh3 Rd1 47.Kg2 Rd3 48.Kf1 Ka3 49.Rb1 Rd2 50.Rc1 Kxa2
51.Rc6 b3 52.Rxg6 b2  0-1

[Event "Keres Mem Rapid"]
[Site "Tallinn EST"]
[Date "2004.01.03"]
[Round "1"]
[White "Rozentalis,E"]
[Black "Sveshnikov,E"]
[Result "1/2-1/2"]
[WhiteElo "2625"]
[BlackElo "2557"]

1.e4 c5 2.Nf3 Nc6 3.Bb5 e6 4.Bxc6 bxc6 5.O-O Ne7 6.c3 d5 7.e5 c4 8.b3 cxb3
9.axb3 c5 10.b4 cxb4 11.Qa4+ Bd7 12.Qxb4 Nf5 13.Qf4 Be7 14.Ba3 O-O 15.Bxe7 Qxe7
16.Na3 Rfb8 17.Nc2 a5 18.Nfd4 Nxd4 19.Qxd4 Be8 20.Ra2 Qa7 21.Rfa1 Qxd4 22.Nxd4 a4
23.f4 Rb6 24.Kf2 Rab8 25.Ke3 Rb2 26.d3 Kf8 27.c4 dxc4 28.dxc4 Rxa2 29.Rxa2 Ke7
30.Kd3 Rb1 31.Kc3 Kd8 32.Rb2 Rc1+ 33.Kb4 Kc7 34.Nb5+ Bxb5 35.cxb5 Ra1 36.Rc2+ Kb7
37.Rd2 a3 38.Rd7+ Kb6 39.Rd6+ Kb7 40.Rd7+ Kb6  1/2-1/2

[Event "Keres Mem Rapid"]
[Site "Tallinn EST"]
[Date "2004.01.03"]
[Round "3"]
[White "Rozentalis,E"]
[Black "Shirov,A"]
[Result "1-0"]
[WhiteElo "2625"]
[BlackElo "2736"]

1.e4 c5 2.Nf3 Nc6 3.Bb5 g6 4.O-O Bg7 5.Re1 Nf6 6.e5 Nd5 7.Nc3 Nc7 8.Bxc6 dxc6
9.Ne4 b6 10.d3 O-O 11.h3 Bf5 12.Ng3 Qd7 13.Bg5 Be6 14.Qd2 Rfe8 15.Bh6 Bh8
16.Qf4 Bd5 17.Ne4 Ne6 18.Qh4 Nd4 19.Nxd4 cxd4 20.Ng5 f6 21.e6 Qc8 22.Nf7 Bg7
23.Bxg7 Kxg7 24.Nh6 Bxe6 25.Re2 Qd7 26.Rae1 Bd5 27.Ng4 Qd6 28.Qh6+ Kh8 29.f4 Qd7
30.f5 gxf5 31.Nxf6 exf6 32.Qxf6+ Kg8 33.Re7 Rxe7 34.Rxe7 Qxe7 35.Qxe7  1-0

[Event "Hilton Chess Festival"]
[Site "Basel SUI"]
[Date "2004.01.04"]
[Round "7"]
[White "Berzinsh,R"]
[Black "Czebe,A"]
[Result "0-1"]
[WhiteElo "2447"]
[BlackElo "2487"]

1.e4 c5 2.Nf3 Nc6 3.Bb5 e6 4.O-O Nge7 5.b3 Ng6 6.Bb2 f6 7.Re1 Be7 8.d4 cxd4
9.Nxd4 O-O 10.Bf1 Qb6 11.Nd2 d5 12.exd5 exd5 13.N2f3 Bg4 14.Qd2 Nge5 15.Be2 Bc5
16.Rad1 Rad8 17.Rf1 Rfe8 18.Nxc6 bxc6 19.Nxe5 Bxe2 20.Qxe2 fxe5 21.Kh1 Qc7
22.c4 Re6 23.cxd5 cxd5 24.f4 e4 25.Bd4 Bxd4 26.Rxd4 Rc6 27.Rfd1 Rc2 28.R1d2 Rc1+
29.Rd1 Qxf4  0-1

[Event "Keres Mem Rapid"]
[Site "Tallinn EST"]
[Date "2004.01.04"]
[Round "5"]
[White "Brodsky,M"]
[Black "Shirov,A"]
[Result "0-1"]
[WhiteElo "2528"]
[BlackElo "2736"]

1.e4 c5 2.Nf3 Nc6 3.Bb5 g6 4.Bxc6 dxc6 5.d3 Bg7 6.h3 Nf6 7.Nc3 O-O 8.Be3 b6
9.Qd2 e5 10.Bh6 Qd6 11.O-O-O b5 12.g4 a5 13.Rdg1 a4 14.Ne2 b4 15.Bxg7 Kxg7
16.Ng3 b3 17.a3 bxc2 18.Qc3 Nd7 19.Nd2 Ba6 20.Kxc2 Rab8 21.Rb1 Rfd8 22.Rhd1 Qf6
23.f3 Kf8 24.Nc4 Bxc4 25.Qxc4 Qxf3 26.Nf1 Nb6 27.Nd2 Qxh3 28.Rh1 Qxg4 29.Rbg1 Qe2
30.Re1 Qxd2+ 31.Kxd2 Nxc4+  0-1

[Event "10th Open"]
[Site "Bosnjaci CRO"]
[Date "2004.01.07"]
[Round "8"]
[White "Janev,E"]
[Black "Saric,Ib"]
[Result "1-0"]
[WhiteElo "2403"]
[BlackElo "2413"]

1.e4 c5 2.Nf3 Nc6 3.Bb5 g6 4.O-O Bg7 5.Re1 e5 6.Nc3 d6 7.d3 Ne7 8.Bc4 O-O
9.Bg5 h6 10.Bxe7 Nxe7 11.Nd5 Kh7 12.Nxe7 Qxe7 13.Nd2 f5 14.exf5 gxf5 15.f4 Bd7
16.Bd5 Rab8 17.Qh5 b5 18.Nf3 Bf6 19.Re2 Qg7 20.fxe5 dxe5 21.Rf1 Rbd8 22.b3 a5
23.c4 b4 24.Ref2 Rde8 25.Nh4 Bxh4 26.Qxh4 Kh8 27.Re2 f4 28.Qf2 Rc8 29.Rfe1 Rfe8
30.Qh4 Bf5 31.Rd2 Re7 32.d4 cxd4 33.Rxd4 Qg5 34.Qxg5 hxg5 35.Rd2 e4 36.Rd4 Kg7
37.Kf2 e3+ 38.Kg1 Kf6 39.Bf3 Rd7 40.Rxd7 Bxd7 41.Rd1 Rc7 42.Rd6+ Ke7 43.Rg6 Rc5
44.h3 Be8 45.Rh6 Re5 46.Kf1 Re6 47.Rh7+ Kd6 48.Ra7 a4 49.bxa4 Kc5 50.a5 Kxc4
51.Rb7 Kc5 52.Be2 Bc6 53.Rg7 Re5 54.Ke1 Kd4 55.a6 Bd5 56.Rd7 Kc3 57.Rc7+ Kd4
58.a7 g4 59.Rd7 Re8 60.Bxg4  1-0

[Event "CXSP"]
[Site "Sao Paulo BRA"]
[Date "2004.01.07"]
[Round "1"]
[White "Valiente,C"]
[Black "Tsuboi,E"]
[Result "1/2-1/2"]
[WhiteElo "2332"]
[BlackElo "2344"]

1.e4 c5 2.Nf3 Nc6 3.Bb5 g6 4.O-O Bg7 5.Re1 Nf6 6.e5 Nd5 7.Nc3 Nc7 8.Bxc6 dxc6
9.Ne4 Ne6 10.d3 O-O 11.Be3 b6 12.Qd2 Nd4 13.Nxd4 cxd4 14.Bh6 c5 15.Qf4 Bb7
16.Qh4 f6 17.Bxg7 Kxg7 18.exf6+  1/2-1/2

[Event "Welsh International"]
[Site "Newport WLS"]
[Date "2004.01.08"]
[Round "2"]
[White "Marusenko,P"]
[Black "Georgiev,Vl"]
[Result "0-1"]
[WhiteElo "2340"]
[BlackElo "2563"]

1.e4 c5 2.Nf3 Nc6 3.Bb5 g6 4.Bxc6 dxc6 5.h3 e5 6.d3 f6 7.Be3 Nh6 8.Nbd2 Nf7
9.Nc4 Be6 10.a4 Qc7 11.Nfd2 f5 12.exf5 gxf5 13.Nb3 O-O-O 14.Qe2 Rg8 15.a5 Bd5
16.Bxc5 Bxc5 17.Nxc5 Qe7 18.b4 Bxg2 19.Rh2 Bd5 20.O-O-O Bxc4 21.dxc4 Rxd1+
22.Qxd1 b6 23.axb6 axb6 24.Na6 e4 25.Rh1 Kb7 26.b5 Ne5 27.Qd4 Rd8 28.Qc3 cxb5
29.cxb5 Rd5 30.Rg1 Qd7 31.Rg8 Rd1+ 32.Kb2 Qxb5+ 33.Nb4 Nc4+ 34.Kb3 Nd2+  0-1

[Event "TCh-CZE Extraliga 2003-4"]
[Site "Czech Rep CZE"]
[Date "2004.01.10"]
[Round "5"]
[White "Jansa,Vl"]
[Black "Salai,L"]
[Result "1-0"]
[WhiteElo "2477"]
[BlackElo "2417"]

1.e4 c5 2.Nf3 Nc6 3.Bb5 g6 4.O-O Bg7 5.c3 Nf6 6.Re1 O-O 7.h3 e5 8.a3 Qc7
9.b4 cxb4 10.axb4 d5 11.d3 Bd7 12.Ba4 dxe4 13.dxe4 Ne7 14.Bxd7 Nxd7 15.Qb3 Nc8
16.Na3 a6 17.Be3 Qc6 18.Rad1 b5 19.c4 bxc4 20.Nxc4 Rb8 21.Na5 Qc7 22.Qd3 Rxb4
23.Qxd7 Qxa5 24.Bd2 Qb5 25.Bxb4 Qxb4 26.Rc1 Qe7 27.Red1 Qe8 28.Rc7 Qxd7 29.Rdxd7 a5
30.Rc6 Re8 31.Ra6 Ne7 32.Rc7 f6 33.Nd2 Kf7 34.Rxa5 Rd8 35.Nc4 Rd1+ 36.Kh2 Bf8
37.Ra6 Rd8 38.g3 Kg7 39.Raa7 Kf7 40.Nb6 Re8  1-0

[Event "TCh-CZE Extraliga 2003-4"]
[Site "Czech Rep CZE"]
[Date "2004.01.10"]
[Round "5"]
[White "Nemec,Pa"]
[Black "Pisk,P"]
[Result "0-1"]
[WhiteElo "2324"]
[BlackElo "2322"]

1.e4 c5 2.Nf3 Nc6 3.Bb5 e6 4.b3 Nge7 5.O-O f6 6.Ba3 Ng6 7.d4 cxd4 8.Bxf8 Rxf8
9.Nxd4 Qb6 10.Bxc6 bxc6 11.Nc3 Kf7 12.Na4 Qc7 13.c4 Kg8 14.c5 Ba6 15.Re1 Rf7
16.Qd2 Rb8 17.Rac1 Ne7 18.Rcd1 Ng6 19.Nc2 Nf4 20.Re3 Ng6 21.g3 Bb5 22.Nc3 Ba6
23.f4 Bc8 24.Na4 f5 25.exf5 Rxf5 26.Nd4 Rf7 27.Nf3 Rf5 28.Nd4 Rf7 29.Nb2 Ba6
30.Nf3 Rbf8 31.Na4 Nxf4 32.gxf4 Qxf4 33.Nc3 Qg4+ 34.Qg2 Qh5 35.Nd2 Rf2 36.Qg3 R2f6
37.Qe5 Rf5 38.Qd6 Rd5 39.Qc7 e5 40.Qxa7 Rxd2 41.Rxd2 Qg5+ 42.Rg3 Rf1+ 43.Kg2 Qxd2+
44.Kh3 Qh6+ 45.Kg2 Qd2+ 46.Kh3 Rf2 47.Qb8+ Kf7 48.Qxe5 Qh6+ 49.Kg4 Qg6+ 50.Kh4 Rxh2+
51.Rh3 Qh6+  0-1

[Event "Brazilian Open"]
[Site "Minoxel BRA"]
[Date "2004.01.10"]
[Round "5"]
[White "Valle,A"]
[Black "Januario,S"]
[Result "1-0"]
[WhiteElo "2262"]
[BlackElo "2094"]

1.e4 c5 2.Nf3 Nc6 3.Bb5 Qc7 4.O-O d6 5.Nc3 e6 6.Re1 Bd7 7.Bxc6 bxc6 8.d3 Ne7
9.e5 d5 10.Bf4 h5 11.h4 Nf5 12.Ne2 Be7 13.Bg5 Bf8 14.c4 Rb8 15.b3 g6 16.Bf6 Bg7
17.Bxg7 Nxg7 18.Rc1 Qb6 19.Qd2 Rc8 20.Ng3 Kf8 21.Qg5 Ne8 22.Qf4 Rc7 23.Ng5 Bc8
24.Rc2 Kg7 25.Re3 a5 26.Rf3 Qa7 27.Kh2 a4 28.bxa4 Qxa4 29.Nxf7 Rh7 30.Nd6 Rh8
31.Nxe8+ Rxe8 32.Nxh5+ gxh5 33.Rg3+  1-0

[Event "CXSP"]
[Site "Sao Paulo BRA"]
[Date "2004.01.13"]
[Round "8"]
[White "Aranha Filho,A"]
[Black "Tsuboi,E"]
[Result "1/2-1/2"]
[WhiteElo "2275"]
[BlackElo "2344"]

1.e4 c5 2.Nf3 Nc6 3.Bb5 g6 4.Bxc6 bxc6 5.O-O Bg7 6.c3 Nh6 7.d4 cxd4 8.cxd4 O-O
9.h3 d6 10.b3 Qa5 11.Bb2 f6 12.Re1 Qh5 13.Nbd2 g5 14.Nf1 g4 15.N3h2 Qh4 16.hxg4 Nxg4
17.Nxg4 Bxg4 18.Qc2 Rac8 19.Ne3 Rf7 20.Nxg4 Qxg4 21.Re3 Qd7 22.e5 fxe5 23.dxe5 Qf5
24.Qe2 Rcf8 25.Rf1 Bxe5 26.Bxe5 dxe5 27.Rxe5 Qg6 28.Rxe7 Rxe7 29.Qxe7 Rf7
30.Qe8+ Kg7 31.Qe5+ Qf6 32.Re1 Qxe5 33.Rxe5 Rd7 34.g3 Kf6 35.Ra5 Ke6 36.f4 Rd2
37.Kf1 h6 38.Rxa7 Kf5 39.Ke1 Rb2 40.Kd1 Kg4 41.Kc1 Rh2 42.Rg7+ Kf3 43.a4 c5
44.Rc7 Kxg3 45.Rxc5 h5 46.f5 h4 47.f6 Rf2 48.Rg5+ Kf4 49.Rg7 Ke3 50.f7 Kd3
51.a5 Kc3 52.Kd1 h3 53.Ke1 Rf6 54.a6 h2 55.Rh7 Rxf7 56.Rxh2 Kxb3 57.Rh6 Ra7
58.Kd2 Kb4  1/2-1/2

[Event "GMB"]
[Site "Wijk aan Zee NED"]
[Date "2004.01.20"]
[Round "9"]
[White "Stellwagen,D"]
[Black "Tiviakov,S"]
[Result "1-0"]
[WhiteElo "2489"]
[BlackElo "2600"]

1.e4 c5 2.Nf3 Nc6 3.Bb5 d6 4.d4 cxd4 5.Qxd4 Bd7 6.Bxc6 Bxc6 7.Nc3 Nf6 8.Bg5 e6
9.O-O-O Be7 10.Rhe1 O-O 11.Kb1 Qc7 12.Qd2 Rfd8 13.Nd4 Rab8 14.f3 b5 15.g4 Be8
16.Nce2 h6 17.Be3 d5 18.e5 Nd7 19.Nf4 Nb6 20.Nh5 Nc4 21.Qc1 Kh7 22.f4 b4
23.f5 Rdc8 24.f6 gxf6 25.Bxh6 Na3+ 26.bxa3 fxe5 27.Bg7 bxa3+ 28.Nb3 Bg5 29.Bxe5 Qd8
30.Qxa3 a5 31.Qf8 Bh6 32.Qh8+ Kg6 33.Qg8+  1-0

[Event "Winter Open"]
[Site "Belgrade SCG"]
[Date "2004.01.22"]
[Round "2"]
[White "Nestorovic,N"]
[Black "Ivanovic,N"]
[Result "1-0"]
[WhiteElo "2152"]
[BlackElo "2263"]

1.e4 c5 2.Nf3 Nc6 3.Bb5 e5 4.Bxc6 dxc6 5.d3 Bd6 6.O-O Ne7 7.Nc3 O-O 8.Nd2 Ng6
9.Nc4 Bc7 10.a4 Be6 11.Be3 b6 12.Ne2 Qe7 13.Qe1 Rad8 14.f3 Kh8 15.Qf2 Nf4
16.Kh1 f6 17.a5 Qf7 18.axb6 axb6 19.Ra7 Bxc4 20.dxc4 Rd7 21.b3 Rfd8 22.Nc3 Ne6
23.Rb7 Nd4 24.Na4 f5 25.exf5 Nxf5 26.Bg5 Rf8 27.Nxb6 Bxb6 28.Rxb6 Qh5 29.Bc1 Nd4
30.c3 e4 31.cxd4 exf3 32.Rxc6 h6  1-0

[Event "1st WinTV Open"]
[Site "Chennai IND"]
[Date "2004.01.22"]
[Round "2"]
[White "Lakshmanrao,D"]
[Black "Venkatesh,M"]
[Result "0-1"]
[WhiteElo "2222"]
[BlackElo "2392"]

1.e4 c5 2.Nf3 Nc6 3.Bb5 Nf6 4.Nc3 Qc7 5.O-O Nd4 6.Bc4 d6 7.Nb5 Nxb5 8.Bxb5+ Bd7
9.Bxd7+ Nxd7 10.d4 cxd4 11.Nxd4 g6 12.Be3 Bg7 13.b3 O-O 14.c4 a6 15.Qd2 Nf6
16.f3 Rfd8 17.Rac1 e6 18.Rfd1 Qe7 19.Ne2 d5 20.cxd5 exd5 21.Bc5 Qe8 22.exd5 Rxd5
23.Qe1 Re5 24.Kf1 Nd5 25.Bd4 Re6 26.Qd2 Rd8 27.Re1 Ne3+ 28.Bxe3 Rxd2 29.Bxd2 Qd7
30.Bf4 h6 31.Red1 Qb5 32.Rc4 g5 33.Bg3 Qf5 34.Bf2 b5 35.Rc5 Re5 36.Ng3 Qe6
37.Rc7 Rd5 38.Re1 Qd6 39.Re8+ Kh7 40.Rxf7 Rd1+ 41.Be1 Qd3+  0-1

[Event "1st WinTV Open"]
[Site "Chennai IND"]
[Date "2004.01.23"]
[Round "4"]
[White "Dzhumaev,M"]
[Black "Venkatesh,M"]
[Result "0-1"]
[WhiteElo "2498"]
[BlackElo "2392"]

1.e4 c5 2.Nf3 Nc6 3.Bb5 Nf6 4.e5 Nd5 5.O-O Nc7 6.Nc3 g6 7.Bc4 Bg7 8.Re1 O-O
9.d3 b6 10.Bf4 Bb7 11.a3 Ne6 12.Bg3 Rc8 13.h4 h5 14.Ne4 Ncd4 15.Nxd4 Nxd4
16.Bf4 b5 17.Ba2 Qb6 18.Nc3 c4 19.dxc4 bxc4 20.Qd2 Qc6 21.f3 Nf5 22.Qf2 d5
23.Rad1 Qc5 24.Ne2 Qxf2+ 25.Kxf2 Nxh4 26.Nd4 e6 27.g4 hxg4 28.fxg4 f6 29.Kg3 g5
30.Nxe6 fxe5 31.Bxg5 Nf3 32.Nxf8 Rxf8 33.Be7 Rf7 34.Rf1 e4 35.Bd6 Bxb2 36.Rb1 Bf6
37.Rfd1 Nd4 38.Kg2 Nxc2 39.Bc5 e3 40.Rdc1 Nd4 41.Rf1 Ne6 42.Bxe3 Bc6 43.Kg1 Kg7
44.Rbe1 Ng5 45.Rf5 Ne4 46.Ref1 Ng3 47.Rxf6 Rxf6 48.Rxf6 Kxf6 49.Bxa7 Kg5
50.Kf2 Ne4+ 51.Ke3 Nc3 52.Bxc4 dxc4 53.Bc5 Na4 54.Bb4 Kxg4 55.Kd4 Bb5 56.Ke3 Kf5
57.Kd4 Kf4 58.Bd2+ Kf3 59.Be1 Ke2 60.Bb4 Kd1 61.Ba5 Kc2 62.Be1 Kb3 63.Bb4 c3
64.Bxc3 Nxc3 65.Ke5 Kxa3  0-1

[Event "1st WinTV Open"]
[Site "Chennai IND"]
[Date "2004.01.23"]
[Round "4"]
[White "Saravana,K"]
[Black "Krishna,CK"]
[Result "1/2-1/2"]
[WhiteElo "2038"]
[BlackElo "2196"]

1.e4 c5 2.Nf3 Nc6 3.Bb5 g6 4.O-O Bg7 5.Nc3 Nd4 6.Nxd4 cxd4 7.Ne2 Qb6 8.a4 Nf6
9.Bd3 O-O 10.a5 Qc7 11.f4 d6 12.Qe1 e5 13.fxe5 dxe5 14.c3 Be6 15.Bb1 dxc3
16.bxc3 Rfd8 17.d3 Nd7 18.Be3 Nc5 19.Nc1 Rac8 20.Qd2 b6 21.axb6 axb6 22.d4 exd4
23.cxd4 Bc4 24.Re1 Ne6 25.e5 Qd7 26.d5 Qxd5 27.Bxb6 Bxe5 28.Ra7 Nc5 29.Bxd8 Rxd8
30.Ne2 Nd3 31.Bxd3 Bxd3 32.Nf4 Bxf4 33.Qxf4 Qc5+ 34.Qf2 Qxf2+ 35.Kxf2 Bc4
36.Rc1 Be6 37.Rc2 Kg7 38.Re2 Kf6  1/2-1/2